000 00701nam a2200229 4500
001 6130
010 _a9789723829228
021 _b392870/15
090 _a6130
100 _a20151202d2015 m y0pory50030103ba
200 1 _aA pérola
_fJohn Steinbeck
_gtrad. Clarisse Tavares
205 _a1ªed. reimp.
210 9 _a[Lisboa]
_cLivros do Brasil
_d2015
215 _a79 p.
304 _aTit. orig.: The pearl
675 _a821.111(73)-34
_vPT
_zpor
700 1 _aSteinbeck,
_bJohn,
_f1902-1968
702 1 _aTavares,
_bClarisse
801 0 _aPT
_bBMVN
_gRPC
830 _cCéu Baptista
_d25/02/2026
856 4 1 _uhttp://rnod.bnportugal.gov.pt/ImagesBN/winlibimg.aspx?skey=&doc=1916979&img=69476&save=true
990 _cLIVROS